Ένταξη και εκπαίδευση των αλλοδαπών μαθητών στο δημοτικό σχολείο : από την ''ομοιογένεια'' στην πολυπολιτισμικότητα

Αποθηκεύτηκε σε:
Λεπτομέρειες βιβλιογραφικής εγγραφής
Κύριος συγγραφέας: Νικολάου, Γιώργος, 1964-
Μορφή: Βιβλίο
Γλώσσα:Greek
Δημοσίευση: Αθήνα : Ελληνικά Γράμματα, 2000.
Έκδοση:7η έκδ.
Θέματα:
Ετικέτες: Προσθήκη ετικέτας
Δεν υπάρχουν, Καταχωρήστε ετικέτα πρώτοι!

MARC

LEADER 00000cam a2200000 i 4500
001 1/52885
008 070828s2000 gr | ||| |||| ||gre||
020 |a 9603934127 
035 |l 10090127 
040 |a GR-MY-UA  |b gre  |e aacr 
041 0 |a gre 
082 7 |a 370.11709495   |2 (22) 
100 1 |a Νικολάου, Γιώργος,   |d 1964- 
245 1 0 |a Ένταξη και εκπαίδευση των αλλοδαπών μαθητών στο δημοτικό σχολείο :   |b από την ''ομοιογένεια'' στην πολυπολιτισμικότητα /   |c Γιώργος Νικολάου.  
250 |a 7η έκδ.  
260 |a Αθήνα :   |b Ελληνικά Γράμματα,   |c 2000.  
300 |a 350 σ. ;   |c 20 εκ.  
504 |a Βιβλιογραφία: σ. [327]-350.  
650 0 0 |a Children of immigrants  |x Education. 
650 0 0 |a Children of immigrants  |x Education  |z Greece. 
650 0 0 |a Education, Bilingual. 
650 0 0 |a Multicultural education. 
650 0 0 |a Minorities  |x Education. 
650 0 0 |a Minorities  |x Education (Elementary) 
852 |a INST  |b RHODES  |e 20070828  |h 370.11709495 ΝΙΚ  |p 005400026027  |q 005400026027  |t BK  |y 12 
901 |a BIBL4-2007-2 
909 |a Ρ  |b 136327 
922 |a 4ΕΛΗ  |b 200707  |c ΕΠΕΑΕΚ2/ΠΤΔΕ  |d Σ. Πατάκης 
970 |a Χαριοπολίτου  |b Κωνσταντίνα  |z 2007/08/28